| 000 | 02024cam a22005057a 4500 | ||
|---|---|---|---|
| 003 | CHAP | ||
| 005 | 20230629062636.0 | ||
| 008 | 030616s2003 mx abd r 00010 spa d | ||
| 010 | _a87393 | ||
| 011 | _a88365 | ||
| 035 | _a98910 | ||
| 040 | _cCHAP | ||
| 090 | _aTesis | ||
| 100 | 0 | 0 |
_aRamírez Delgadillo, Juan José. _993965 |
| 245 | 1 | 0 |
_aDinámica de la liberación de esporangios de Phytophthora infestans (Mont) de Bary y su relación con las variables meteorológicas en el valle de Toluca _c/por Juan José Ramírez Delgadillo |
| 260 |
_aChapingo, Méx. : _bEl autor, _c2003 |
||
| 300 |
_a80 h. : _bilus. ; gráfs. ; mapa ; cuadros |
||
| 502 | _aTesis (M. C. en Protección Vegetal) -- UACH. Departamento de Parasitología Agrícola | ||
| 530 | _aTambién disponible en línea | ||
| 590 |
_aALEPH _b10 _c20130110 _lUCH01 _h1454 |
||
| 590 |
_aBATCH-UPD _b10 _c20130110 _lUCH01 _h0319 |
||
| 590 |
_aBATCH-UPD _b10 _c20130110 _lUCH01 _h1541 |
||
| 590 |
_aBATCH-UPD _b10 _c20130409 _lUCH01 _h2352 |
||
| 590 |
_aBATCH-UPD _b10 _c20130410 _lUCH01 _h1519 |
||
| 590 |
_aBATCH-UPD _b10 _c20130914 _lUCH01 _h1313 |
||
| 590 |
_aBATCH-UPD _b10 _c20140324 _lUCH01 _h1439 |
||
| 590 |
_aBATCH-UPD _b10 _c20141002 _lUCH01 _h0818 |
||
| 590 |
_aCONVERSION _b10 _c20130109 _lUCH01 _h1348 |
||
| 650 | 1 | 4 | _aEpidemiología. |
| 650 | 1 | 4 |
_aMeteorología agrícola. _975217 |
| 650 | 1 | 4 |
_aPapa _xEfecto de la humedad. _985223 |
| 650 | 1 | 4 |
_aPapa _xEnfermedades por hongos. _985229 |
| 650 | 1 | 7 |
_aPapas _xEnfermedades _2 _985227 |
| 650 | 1 | 4 |
_aPapa _xInoculación. _985253 |
| 650 | 1 | 4 |
_aPapa _zMéxico (Edo.). _985306 |
| 650 | 1 | 4 |
_aPhytophthora infestans. _987925 |
| 650 | 1 | 4 |
_aRadiación solar. _993678 |
| 650 | 1 | 4 |
_aTizón tardío de la papa. _9113451 |
| 856 |
_3Finding aid _uhttp://10.13.5.2/tesis/98910.pdf _zTeclea aqui |
||
| 901 | _aBK | ||
| 905 | _aMarco A. Mendoza T. | ||
| 942 | _cFOLL | ||
| 949 |
_aTesis _bBC _cTES _d33724000895900 _eTS2 _fc.2 _gDonaciØn _h41206 _i98910 _si |
||
| 949 |
_aTesis _bBC _cTES _d989101 _eTS1 _gDonaciØn _h41205 _i98910 _sb |
||
| 999 |
_c87393 _d87393 |
||